Computational techniques for complex transport phenomena /

Bibliographic Details
Other Authors: Shyy, W. (Wei)
Format: Book
Language:English
Published: Cambridge ; New York : Cambridge University Press, 1997.
Subjects:

MARC

Tag First Indicator Second Indicator Subfields
LEADER 00000cam a2200000 a 4500
001 in00001402880
005 20151020053053.0
008 970103s1997 enka b 001 0 eng
010 |a  97004471  
020 |a 0521592682 (hb) 
035 |a (OCoLC)36187533 
035 |9 AHM6916AM 
040 |a DLC  |c DLC  |d TXA  |d UtOrBLW 
049 |a TXAM 
050 0 0 |a TA357.5.D37  |b C66 1997 
082 0 0 |a 620.1/04  |2 21 
245 0 0 |a Computational techniques for complex transport phenomena /  |c W. Shyy [and others]. 
264 1 |a Cambridge ;  |a New York :  |b Cambridge University Press,  |c 1997. 
300 |a x, 321 pages :  |b illustrations ;  |c 26 cm. 
336 |a text  |b txt  |2 rdacontent 
337 |a unmediated  |b n  |2 rdamedia 
338 |a volume  |b nc  |2 rdacarrier 
504 |a Includes bibliographical references (pages 297-313) and index. 
650 0 |a Fluid dynamics  |x Data processing. 
650 0 |a Multiphase flow  |x Mathematical models. 
650 0 |a Turbulence  |x Mathematical models. 
650 0 |a Transport theory  |x Mathematical models. 
700 1 |a Shyy, W.  |q (Wei) 
999 |a MARS 
999 f f |s 175508e3-8f12-31dd-9891-1fab38ddd391  |i 5207cdf2-ac00-3e8e-8322-6e2198e861ec  |t 0 
952 f f |p normal  |a Texas A&M University  |b College Station  |c Sterling C. Evans Library  |d Evans: Library Stacks  |t 0  |e TA357.5.D37 C66 1997  |h Library of Congress classification  |i unmediated -- volume  |m A14822025316 
998 f f |a TA357.5.D37 C66 1997  |t 0  |l Evans: Library Stacks